[Event "Gibraltar Masters 18th"]
[Site "Caleta"]
[Date "2020.01.23"]
[Round "3"]
[White "Lei, Tingjie"]
[Black "Sunilduth Lyna, Narayanan"]
[Result "0-1"]
[WhiteElo "2493"]
[BlackElo "2637"]
[Annotator "Sunilduth Lyna,Narayanan "]
[PlyCount "116"]
[EventDate "2020.01.21"]
[EventType "swiss"]
[EventRounds "10"]
[EventCountry "GGB"]
[SourceTitle "CBM 194 Extra"]
[Source "ChessBase"]
[SourceDate "2020.03.31"]
[SourceVersion "1"]
[SourceVersionDate "2020.03.31"]
[SourceQuality "1"]
[TimeControl "40/6000+30:20/3000+30:900+30"]

{[%evp 0,41,19,38,40,41,90,58,58,38,25,32,52,41,42,32,33,36,61,53,53,28,63,59,
75,18,17,27,29,30,30,23,-7,9,-4,-22,-30,-33,-15,-21,-23,-43,-41,-43] This game
was played in the third round of one of the strongest open tournaments in the
world - the Gibraltar Masters. I was up against one of the strongest women
players in the world. To get some fighting position with Black is always
difficult, but in this game it became reality.} 1. e4 {[%emt 0:00:00]} c5 {
[%emt 0:00:00]} 2. Nf3 {[%emt 0:00:10]} d6 {[%emt 0:00:00]} 3. d4 {[%emt 0:00:
45]} cxd4 {[%emt 0:00:01]} 4. Nxd4 {[%emt 0:00:04]} Nf6 {[%emt 0:00:05]} 5. Nc3
{[%emt 0:00:04]} a6 {[%emt 0:00:04]} 6. Be3 {[%emt 0:00:04]} e5 {[%emt 0:00:03]
} 7. Nb3 {[%emt 0:00:04]} Be6 {[%emt 0:00:07]} 8. f3 {[%emt 0:00:10]} h5 {
[%emt 0:00:08]} 9. Qd2 {[%emt 0:00:19]} Nbd7 {[%emt 0:00:05]} 10. Nd5 {[%emt 0:
00:21]} Bxd5 {[%emt 0:00:27]} 11. exd5 {[%emt 0:00:04]} Qc7 {[%emt 0:00:09]
Till here all the moves belonged to the mainstream theory and now I deviated a
bit with this interesting queen move! Well, the idea may seem not so clear,
but it's to remain flexible with my B on f8.} 12. O-O-O {[%emt 0:02:26]} (12.
c4 $5) 12... Be7 {[%emt 0:00:04]} 13. Kb1 {[%emt 0:00:34]} Nb6 {[%emt 0:00:27]}
14. Qa5 {[%emt 0:11:21]} Rc8 $1 {[%emt 0:01:05]} (14... Bd8 $6 15. c4 $1) 15.
c3 {[%emt 0:01:32]} Bd8 $1 {[%emt 0:00:12] The whole point of Black's setup.
If not for this tactical move, Black would be clearly worse. Now the immediate
threat is to play Nbxd5 followed by Qc6 creating a double attack on the queen
and rook.} 16. Bxb6 {[%emt 0:12:00]} (16. Be2 Nbxd5 $1 17. Rxd5 Qc6 18. Rxe5+
dxe5 19. Qxe5+ Kf8 {And the onus is on White to prove compensation.}) (16. Bg5
$5 Nbxd5 17. Qxc7 Bxc7 18. Bd3 Nf4 {Again there is compensation, but not sure
if it's enough.}) 16... Qxb6 {[%emt 0:00:17]} 17. Qxb6 $2 {[%emt 0:00:05] A
pleasant surprise. I was pretty much sure the ensuing endgame was in Black's
favour. Perhaps White should have kept the queens with 17.Qa4+ but still it
doesn't mean Black has problems.} (17. Qa4+ Kf8 18. h4 (18. f4 g6 19. g3 exf4
20. Qxf4 Kg7) 18... Rc7 $5 {A strange computer move preparing against White's
Bd3 move in the variation with Qe3.} (18... g6 19. g4 hxg4 20. fxg4 Qe3 21. Bd3
Qf4 22. Qxf4 exf4 23. h5 $132) 19. g4 hxg4 20. fxg4 Qe3 21. Bd3 Qf4) 17... Bxb6
{[%emt 0:00:05]} 18. Bd3 {[%emt 0:01:18]} h4 {[%emt 0:11:54]} 19. Rhe1 {
[%emt 0:04:22]} (19. Nd2 Ke7 20. Nc4 (20. Ne4 Nh5) 20... Bc5 21. Rhe1 Nh5 $17 {
[%cal Gg7g6,Gf7f5] The difference in strength between the bishops becomes
crucial in this kind of endgames!}) 19... Kf8 {[%emt 0:07:31]} 20. Bf1 {
[%emt 0:14:28]} Bf2 $5 {[%emt 0:11:57] Provoking the opponents pawns to move
forward to create some weakness. Now already White's position starts looking
suspicious. White doesnt have clear plan, whereas Black does, and this makes
all the difference} 21. Re2 {[%emt 0:00:05]} Bg1 {[%emt 0:00:09]} 22. g3 {
[%emt 0:03:03]} hxg3 {[%emt 0:00:47]} 23. hxg3 {[%emt 0:00:04]} Bb6 {[%emt 0:
01:07]} 24. Red2 {[%emt 0:52:49]} g6 {[%emt 0:00:30]} 25. c4 {[%emt 0:00:30]}
e4 {[%emt 0:00:30] Trying to cash in!} 26. fxe4 {[%emt 0:00:30]} Nxe4 {[%emt 0:
00:30]} 27. Rg2 {[%emt 0:00:30]} Rh1 {[%emt 0:00:30]} 28. Nd2 {[%emt 0:00:30]}
Nf2 {[%emt 0:00:30]} 29. Re1 {[%emt 0:00:30]} Ng4 {[%emt 0:00:30]} 30. Rge2 {
[%emt 0:00:30]} Bf2 {[%emt 0:00:30]} 31. Rc1 {[%emt 0:00:30]} Bxg3 {[%emt 0:00:
30]} 32. Rg2 {[%emt 0:00:30]} Bf4 {[%emt 0:00:30]} 33. Rxg4 {[%emt 0:00:30]}
Bxd2 $19 {[%emt 0:00:30] The rest was a matter of good technique!} 34. Rd1 {
[%emt 0:00:30]} Be3 {[%emt 0:00:30]} 35. Kc2 {[%emt 0:00:30]} g5 {[%emt 0:00:
30]} 36. Bd3 {[%emt 0:00:30]} Rh2+ {[%emt 0:00:30]} 37. Kb3 {[%emt 0:00:30]}
Bf4 {[%emt 0:00:30]} 38. Ka3 {[%emt 0:00:30]} Re8 {[%emt 0:00:30]} 39. b3 {
[%emt 0:00:30]} Re3 {[%emt 0:00:30]} 40. Bb1 {[%emt 0:00:30]} Ree2 {[%emt 0:00:
30]} 41. Rf1 {[%emt 0:50:30]} Be3 {[%emt 0:50:30]} 42. Rg3 {[%emt 0:00:30]} b6
{[%emt 0:00:30]} 43. Kb4 {[%emt 0:00:30]} Bd2+ {[%emt 0:00:30]} 44. Ka3 {
[%emt 0:00:30]} Rhf2 {[%emt 0:00:30]} 45. Rh1 {[%emt 0:00:30]} Bf4 {[%emt 0:00:
30]} 46. Rg4 {[%emt 0:00:30]} Rg2 {[%emt 0:00:30]} 47. Rxg2 {[%emt 0:00:30]}
Rxg2 {[%emt 0:00:30]} 48. Rh8+ {[%emt 0:00:30]} Kg7 {[%emt 0:00:30]} 49. Rb8 {
[%emt 0:00:30]} Bc1+ {[%emt 0:00:30]} 50. Kb4 {[%emt 0:00:30]} Rb2 {[%emt 0:00:
30]} 51. Bf5 {[%emt 0:00:30]} Rxa2 {[%emt 0:00:30]} 52. Kc3 {[%emt 0:00:30]}
Rf2 {[%emt 0:00:30]} 53. Bd7 {[%emt 0:00:00]} Rf3+ {[%emt 0:48:17]} 54. Kc2 {
[%emt 0:00:00]} Be3 {[%emt 0:00:05]} 55. Rb7 {[%emt 0:00:00]} a5 {[%emt 0:00:
12]} 56. Kd3 {[%emt 0:00:00]} Bc5+ {[%emt 0:00:07]} 57. Ke4 {[%emt 0:00:00]}
Rf4+ {[%emt 0:00:10]} 58. Kd3 {[%emt 0:00:00]} g4 {[%emt 0:00:03]} 0-1

[Event "EU-Cup 28th"]
[Site "Eilat"]
[Date "2012.10.17"]
[Round "7.6"]
[White "Sutovsky, Emil"]
[Black "Khismatullin, Denis Rimovich"]
[Result "1-0"]
[WhiteElo "2685"]
[BlackElo "2638"]
[Annotator "Sutovsky,E"]
[PlyCount "79"]
[EventDate "2012.10.11"]
[EventType "team-swiss"]
[EventRounds "7"]
[EventCountry "ISR"]
[SourceTitle "CBM 151"]
[Source "ChessBase"]
[SourceDate "2012.11.13"]
[SourceVersion "1"]
[SourceVersionDate "2012.11.13"]
[SourceQuality "1"]
[WhiteTeam "SOCAR"]
[BlackTeam "Tomsk 400"]
[WhiteTeamCountry "AZE"]
[BlackTeamCountry "RUS"]

1. e4 c5 2. Nf3 d6 3. d4 cxd4 4. Nxd4 Nf6 5. Nc3 a6 6. Be3 e5 7. Nf3 {That
came as a surprise for my opponent. I used to play 7.Nb3 in this line, but
after spending countless hours with Gata Kamsky, preparing 7.Nf3 (which
actually suits his style more that it suits mine!), I wanted to use some of
the ideas. Besides, I knew from my vast experience, that I should be able to
turn to mess up even the most quiet position:)} Be7 8. Bc4 O-O 9. O-O Qc7 {
A rare line. Actually, it seems that Denis was looking for some reasonable way
to avoid the main lines (7...Qc7 or 9...Be6). He spent nearly half an hour,
opting for the actual move order, but I was familiar with the chosen setup.}
10. Bb3 Be6 11. Nh4 $1 {That's the point. Now the standard 11...Ne4 is not
good, and he has to weaken his king.} g6 12. Bh6 Re8 {I had remembered
eveything up till now. Well, only twelve moves... Nothing special, of course,
still I had spent just couple of minutes till this point, whereas my opponent
had invested more than forty... So, now I could afford to delve into the
position.} 13. Qf3 $5 {Well, maybe 13.Qd2 (as was played in T.
Kosintseva-Cmilyte, 2012) was objectively stronger, but I found such a
beautiful idea, that I couldn't resist the temptation, and after some 15
minutes of calculating opted for the move in the text.} Ng4 {The most natural,
but not the strongest!} ({After} 13... Nc6 $1 14. Nf5 (14. Bxe6 fxe6 15. Qh3
Nd4 16. Nf3 Bf8 17. Bxf8 Nxf3+ 18. Qxf3 Rxf8 {it is just equal}) 14... Bxf5 (
14... gxf5 15. exf5 $1) 15. exf5 Nd4 16. Qh3 {I liked White's position, based
on 16...Nxf5 17.Bg5 with strong play for the pawn. However, after the strongest
} (16. Qd3 Nxf5 17. Bg5 e4 18. Qd2 d5 19. Bxf6 Bxf6 20. Nxd5 Qe5 {and Black is
fine}) 16... Nxb3 $1 17. axb3 (17. cxb3 d5) 17... Qd7 18. Bg5 Qxf5 19. Qxf5
gxf5 20. Bxf6 Bxf6 21. Nd5 Bd8 {White's gorgeous knight promises just
sufficient compensation, but nothing more.}) 14. Nf5 $1 {That is typical, of
course. But the lines which I had to calculate are unusual:} Bxf5 (14... gxf5 {
was another critical move, and here comes the point of the combination:} 15.
exf5 Bxf5 {and here....} (15... Nxh6 16. fxe6 Rf8 (16... fxe6 17. Qh5) 17.
exf7+ Kg7 {well, here I didn't calculate till the end, but it was evident,
that White has a very strong (and possibly decisive) attack. The evaluation is
confirmed by our silicon friend, although 18.Rae1 (clearly the strongest,
according to Houdini) is not the most natural choice...}) 16. Bg5 $3 {Pretty
unusual! Actually, I never saw such a motif, White removes the piece from an
attacked square, just in order to leave it hanging on a different one:)  Now
everything is hanging. 16...Bxg5 17.Qxf5 is just lost for Black, so he has to
play} Qc8 17. Bxe7 Rxe7 18. Nd5 Nc6 19. Rad1 {now White will take at e7 at
some moment, and snatch the juicy d6-pawn. Black is not lost, but there is
little doubt he has to defend a really unpleasant position.}) 15. Be3 $5 {
And here is another point of the whole white combination. Engines insist, that
15.Bd2! was stronger, but during the game I couldn't believe that 15...Nxe3
was possible after the text. And otherwise, the bishop on e3 is much better
placed. Let's look at the critical line:} Be6 (15... Nxe3 $1 16. fxe3 Bd7 {
this looks very scary, almost losing for Black. But in fact, the objective
evaluation of the position is in his favour, and White has to prove equality
here.} 17. Qxf7+ (17. Bxf7+ Kg7 18. Bxe8 Bxe8 19. Nd5 Qd8 {and only Black can
be better}) 17... Kh8 18. Rf6 {that was my intention. It seems that Rxg6 and
mate in few moves decides the game, but...} (18. Nd5 $1 Qd8 19. Nf6 (19. Nxe7 {
leads to the same endgame}) 19... Bxf6 20. Rxf6 Re7 21. Qf8+ Qxf8 22. Rxf8+ Kg7
23. Raf1 Re8 24. R1f7+ Kh6 25. Bd5 Rxf8 (25... Nc6 26. Rxe8 Bxe8 27. Rxb7 a5
28. c3 {and White has just enough compensation for a draw}) 26. Rxf8 Bc6 {
results in a strange endgame, which should be drawn.}) 18... Qd8 $1 19. Rxg6
hxg6 20. Qxg6 Bg5 $1 {and White doesn't even have a perpetual! So, as painful,
as it is, I'd have to admit, that 15.Bd2 was better, and after 15.Be3 Nxe3!
White didn't have any winning attack, but rather had to liquidate to a likely
drawish ending. Well, I'm getting used to seeing my ideas being dissected by
the cruel silicon mind, and the only consolation is the fact - it was nearly
impossible to see over the board!}) 16. Bxe6 fxe6 17. Qxg4 Bf6 {Now White is
clearly better. But this advantage is not structural - if Black is in time to
play Nb8-c6-d4, he'll be fine. So, the attack must be continued!} 18. h4 $1 Kh8
19. f4 $5 {Which evaluation shall I attach to this move? Of course, I realised,
that after 19.Rad1 Nc6 20.Rd2 White is just better, but I thought it was right
time to open up the position. Only now, when his king is on h8! Why? The
explanation is simple:} Nd7 (19... exf4 20. Qxf4 $1 Be5 (20... Nd7 21. Rad1 Be5
22. Qf7) 21. Qf7 {and now I have this important move, as the f7-square is not
covered! P.S. Yes, I do see the computer's evaluation, and its cold-blooded}
Nd7 {followed by 22...Rac8 and 23...Nf6 with equal play. Well, what can I say?
During this game it seemed different. Probably, not only to me, but to my
opponent as well, because, he avoided this line!}) 20. f5 gxf5 21. exf5 Rg8 22.
Qe2 $1 (22. Qh3 exf5 23. Rxf5 Qc6 {is not so clear.}) 22... Rae8 (22... exf5
23. Rxf5 Qc6 24. Raf1 Raf8 25. Bh6 Bg7 26. Bxg7+ Kxg7 27. Ne4 $16) 23. fxe6
Rxe6 24. Nd5 Qc6 25. c4 $1 {During the game, I thought White is about winning.
And yes, I am sick and tired of my pet friend, which suggests 0.13 evaluation
to the best of its knowledge. So be it!} b5 (25... Bd8 {is given by Houdini as
clearly the best defence, and probably White has nothing concrete here.}) 26.
Rac1 $1 Bxh4 27. Rf7 {Here, Black was down to his very last minutes, and I was
busy refuting his only defence 27...Bg5 (in fact, it IS the only move, which
doesn't lose on the spot!), when he suddenly played} Nf6 {...and I saw that 28.
Nc7, which I planned long ago doesn't win outright due to 28...Qb7! I didn't
have a lot of time either and played the natural move, missing a simple and
beautiful win:} 28. Rf1 (28. Qf3 $3 {with the irresistible threat of 29.Nxf6
was winning at once.}) 28... Rg6 {And here I spent most of my time, trying to
find a win after} 29. Ne7 (29. Rf8+ Kg7 30. Qh5 $4 {here I calculated lengthy
lines... only to spot} Rxg2+ $1 31. Kxg2 Nxh5 {and there is neither queen, nor
mate! Finding that, I panicked, and with 4 minutes on the clock, became a
materialist:)}) (29. Nc7 Re8 (29... Qb7 30. Rf8+ $1) 30. Nxe8 Qxe8 31. Ra7 {
was easily winning of course...}) 29... Rxe7 30. Rxe7 bxc4 31. Qf3 {The rest
is not so interesting - I had 4 minutes, he had only 1-2. We didn't play
perfectly, but not too badly either. White preserved some advantage, and on
move 37 Denis just collapsed and blundered.} Qc8 32. Ra7 Rg8 33. Qf5 Qc6 34.
Rf3 c3 35. bxc3 Qxc3 36. Qh3 Qc2 37. Rf7 Ng4 $4 (37... Qg6 38. Rc7 Nd5 39. Rc8
Bd8 40. Bh6 {is better for White, but far from over.}) 38. Qxh4 Qb1+ 39. Rf1
Qg6 40. Rf8 {A really complicated fight, although, analysing it with a
powerful engine may depress you for a while. Luckily, I grew up in the
pre-computer era, and these things are not going to impact my feelings about
this interesting game, played in the decisive match of the European Club Cup
2012.} 1-0